000 00386 a2200121 4500
001 ART_51544
005 20260410162008.0
008 260409a
245 1 0 _aEl tiempo de la reparación en el Estado constitucional
100 1 _aTomas, Lucas P.
700 1 _aBellotti San Martín, Lucas
773 0 _tTemas de derecho civil
_g- Año 6, N° 11 (nov. 2020)
_wREV34778
999 _c31913
_d31913